书目信息 |
| 题名: |
怀孕与分娩百科
|
|
| 作者: | 林青平 , 林青平 编 | |
| 分册: | ||
| 出版信息: | 乌鲁木齐 新疆青少年出版社 2005 |
|
| 页数: | 326页 | |
| 开本: | 20cm | |
| 丛书名: | 现代生活指南 | |
| 单 册: | ||
| 中图分类: | R715.3 | |
| 科图分类: | ||
| 主题词: | 围产期--基本知识 , 围产期 | |
| 电子资源: | ||
| ISBN: | 7-5371-3185-6 | |
| 000 | 00902oam2 2200289 45 | |
| 001 | 012006061401 | |
| 005 | 20061218163414.65 | |
| 010 | @a7-5371-3185-6@dCNY127.60(全6册) | |
| 092 | @aCN@b496356 | |
| 100 | @a20060614d2005 em y0chiy0121 ea | |
| 101 | 0 | @achi |
| 102 | @aCN@b650000@b440000 | |
| 105 | @aa z 000yy | |
| 200 | 1 | @a怀孕与分娩百科@Ahuai yun yu fen mian bai ke@f林青平编@Flin qing ping bian |
| 205 | @a修订版 | |
| 210 | @a乌鲁木齐@c新疆青少年出版社@a珠海@c珠海出版社@d2005 | |
| 215 | @a326页@c图@d20cm | |
| 225 | 2 | @a现代生活指南 |
| 330 | @a本书为现代生活指南丛书,主要介绍了孕妇在怀孕分娩时期的注意事项和保健知识。 | |
| 461 | 0 | @12001 @a现代生活指南 |
| 606 | 0 | @a围产期@x基本知识 |
| 606 | 0 | @a围产期 |
| 690 | @aR715.3@v4 | |
| 701 | 0 | @a林青平@9lin qing ping@4编 |
| 701 | 0 | @a林青平@Alin qing ping@4编 |
| 801 | 0 | @aCN@bLZJBOOK@c20061218 |
| 905 | @a10447@dR715.3@e19=2 | |
| 怀孕与分娩百科/林青平编.-修订版.-乌鲁木齐:新疆青少年出版社;珠海:珠海出版社,2005 |
| 326页:图;20cm.-(现代生活指南) |
| ISBN 7-5371-3185-6:CNY127.60(全6册) |
| 本书为现代生活指南丛书,主要介绍了孕妇在怀孕分娩时期的注意事项和保健知识。 |
| ● |
| 相关链接 |
|
|
|
|
正题名:怀孕与分娩百科
索取号:R715.3/19=2
 
预约/预借
| 序号 | 登录号 | 条形码 | 馆藏地/架位号 | 状态 | 备注 |
| 1 | 0552573 | 205525733 | 第二样本阅览室/ [索取号:R715.3/19=2] | 在馆 | |
| 2 | 0552574 | 205525742 | 教育系资料室/ [索取号:R715.3/19=2] | 在馆 | |
| 3 | 0552575 | 205525751 | 第三借阅区/ [索取号:R715.3/19=2] | 在馆 | |
| 4 | 0552576 | 205525760 | 教育系资料室/ [索取号:R715.3/19=2] | 在馆 | |
| 5 | 0552577 | 205525779 | 第三借阅区/ [索取号:R715.3/19=2] | 在馆 | |
| 6 | 0552578 | 205525788 | 教育系资料室/ [索取号:R715.3/19=2] | 在馆 | |
| 7 | 0552579 | 205525797 | 教育系资料室/ [索取号:R715.3/19=2] | 在馆 | |
| 8 | 0552580 | 205525804 | 第三借阅区/ [索取号:R715.3/19=2] | 在馆 |